| 000 | 00600nmm a2200181Ia 4500 | ||
|---|---|---|---|
| 008 | 251105s9999||||xx |||||||||||||||||und|| | ||
| 041 | _aspa | ||
| 100 | _aRubio Ferrer, Juan José | ||
| 245 | 0 | _aSeguridad y prevención de riesgos en el almacén | |
| 264 |
_a[Madrid, España] : _bMinisterio de Educación, Cultura y Deporte de España, _c2012 |
||
| 300 | _a144 páginas | ||
| 490 | _aAula Mentor | ||
| 650 | _aEconomics and Business | ||
| 700 | _aRubio Ferrer, Juan José | ||
| 700 | 1 | _a Villarroel Valdemoro, Susana | |
| 856 | _uhttps://public.digitaliapublishing.com/a/20930 | ||
| 942 | _cCF | ||
| 999 |
_c70818 _d70818 |
||